000 00525nam a2200229Ia 4500
003 0100
008 130303s9999 xx 000 0 und d
020 _a1557782040
040 _cARRUPELIB
050 _aBD111.P66 1991
100 _aPost, John F
245 _aMetaphysics
245 _ba contemporary introduction
260 _aNew York
260 _bParagon House
260 _C1991
300 _a213p.
300 _b 23cm.
440 _aParagon issues in philosophy
650 _aMETAPHYSICS
942 0 0 _02
999 _c20233
_d20233